000 00673nam a22001697a 4500
999 _c9694
_d9694
008 180714b ||||| |||| 00| 0 eng d
082 _22018
_aUT 0917
_bC75
100 _928731
_aConstantino, Carina Y.
245 _aIntegrated marketing communication and sales quata in different call center in digos city/
_cCarina Y. Constantino, Jason C. Narca and Jake M. Caupit
260 _aDigos City:
_bUMDC
_cApril 2018.
300 _a66 pages;
_b29 cm.
650 0 _928732
_aBusiness Administration.
_vMarketing Management
_xUndergraduate thesis
700 _928733
_aConstantino, Carina Y.
700 _928735
_aNarca, Jason C.
700 _928738
_aCaupit, Jake M.
942 _2ddc
_cUT